Ako správne otvárať účty v podvojnej sústave účtovníctva

V súlade s par. 17 zákona č. 563/1991 Zb. o účtovníctve v znení neskorších predpisov otvárajú účtovné jednotky účtovné knihy ku dňu svojho vzniku, k prvému dňu nového účtovného obdobia a v ďalších špecifických prípadoch vymedzených zákonom. Postup pri otváraní súvahových účtov. Praktické príklady.

Gespeichert in:
Bibliographische Detailangaben
1. Verfasser: Šlosár, Rudolf
Format: Buchkapitel
Sprache:Slowakisch
Schlagworte:
Tags: Tag hinzufügen
Keine Tags, Fügen Sie das erste Tag hinzu!

MARC

LEADER 00000naa a2200000 4500
001 r037360
005 20231002072014.8
041 0 |a slo 
044 |a SK 
245 1 0 |a Ako správne otvárať účty v podvojnej sústave účtovníctva  |c Rudolf Šlosár 
520 |a V súlade s par. 17 zákona č. 563/1991 Zb. o účtovníctve v znení neskorších predpisov otvárajú účtovné jednotky účtovné knihy ku dňu svojho vzniku, k prvému dňu nového účtovného obdobia a v ďalších špecifických prípadoch vymedzených zákonom. Postup pri otváraní súvahových účtov. Praktické príklady. 
610 2 0 |a súvaha 
610 2 0 |a účtovníci 
610 2 0 |a účtovníctvo 
610 2 0 |a účty súvahové 
610 2 0 |a účty podsúvahové 
610 2 0 |a účty pasív 
610 2 0 |a účty aktív 
100 1 |a Šlosár, Rudolf